000 00293nam a22001217a 4500
008 180822b xxu||||| |||| 00| 0 eng d
041 _aeng
080 _a616.8
100 _a7
101 _aneu
245 _aintracranial aneurysms and subarachnoid hemorrhage
_cperret.s
942 _2udc
_cBK
999 _c47252
_d47252